Strategy of drug design : (Record no. 21464)
[ view plain ]
| 000 -LEADER | |
|---|---|
| fixed length control field | 00981nam a22002655a 4500 |
| 005 - DATE AND TIME OF LATEST TRANSACTION | |
| control field | 20160321135501.0 |
| 008 - FIXED-LENGTH DATA ELEMENTS--GENERAL INFORMATION | |
| fixed length control field | 160321r20101973ii a frb 001 0 eng d |
| 020 ## - INTERNATIONAL STANDARD BOOK NUMBER | |
| International Standard Book Number | 978818844992X |
| 040 ## - CATALOGING SOURCE | |
| Original cataloging agency | EG-ScBUE |
| Language of cataloging | eng |
| Transcribing agency | EG-ScBUE |
| 082 04 - DEWEY DECIMAL CLASSIFICATION NUMBER | |
| Classification number | 615.19 |
| Item number | PUR |
| Edition number | 22 |
| 100 1# - MAIN ENTRY--PERSONAL NAME | |
| Personal name | Purcell, William P. |
| 9 (RLIN) | 39614 |
| 245 10 - TITLE STATEMENT | |
| Title | Strategy of drug design : |
| Remainder of title | a guide to biological activity / |
| Statement of responsibility, etc | Willim P. Purcell, George E. Bass, John M. Clayton. |
| 250 ## - EDITION STATEMENT | |
| Edition statement | Indian reprinted ed. |
| 260 ## - PUBLICATION, DISTRIBUTION, ETC. (IMPRINT) | |
| Place of publication, distribution, etc | Hyderabad : |
| Name of publisher, distributor, etc | PharmaMed Press / Pharma Book Syndicate, |
| Date of publication, distribution, etc | 2010. |
| 300 ## - PHYSICAL DESCRIPTION | |
| Extent | vii, 194 p. : |
| Other physical details | ill. ; |
| Dimensions | 24 cm. |
| 500 ## - GENERAL NOTE | |
| General note | Originally published by Wiley-Interscience Publication, 1973. |
| 500 ## - GENERAL NOTE | |
| General note | Reprint of the 1973 ed. |
| 504 ## - BIBLIOGRAPHY, ETC. NOTE | |
| Bibliography, etc | Includes bibliographical references and indexes. |
| 650 #0 - SUBJECT ADDED ENTRY--TOPICAL TERM | |
| Topical term or geographic name as entry element | Drugs |
| General subdivision | Structure-activity relationships |
| -- | Mathematical models. |
| Source of heading or term | BUEsh |
| 651 ## - SUBJECT ADDED ENTRY--GEOGRAPHIC NAME | |
| Source of heading or term | BUEsh |
| 653 ## - INDEX TERM--UNCONTROLLED | |
| Resource For college | Pharmacy |
| Arrived date list | March2016 |
| 700 1# - ADDED ENTRY--PERSONAL NAME | |
| Personal name | Bass, George E. |
| 700 1# - ADDED ENTRY--PERSONAL NAME | |
| Personal name | Clayton, John M. |
| 942 ## - ADDED ENTRY ELEMENTS (KOHA) | |
| Source of classification or shelving scheme | Dewey Decimal Classification |
| Withdrawn status | Item status | Source of classification or shelving scheme | Damaged status | Not for loan | Vendor | Home library | Current library | Shelving location | Date acquired | Source of acquisition | Cost, normal purchase price | Serial Enumeration / chronology | Total Checkouts | Full call number | Barcode | Date last seen | Date last borrowed | Cost, replacement price | Koha item type |
|---|---|---|---|---|---|---|---|---|---|---|---|---|---|---|---|---|---|---|---|
| Dewey Decimal Classification | Scientific home BookShop | Central Library | Central Library | First floor | 21/03/2016 | Purchase | 160.00 | 1 | 1 | 615.19 PUR | 000032127 | 15/07/2025 | 27/02/2017 | 200.00 | Book - Borrowing |